| 000 | 00754nam a2200289Ia 4500 | ||
|---|---|---|---|
| 008 | 171025s9999 xx 000 0 und d | ||
| 020 | _a9780316087377 | ||
| 050 | _a791.43 | ||
| 050 | _bV393 2010 | ||
| 100 | _aVaz, Mark Cotta | ||
| 245 | _aEclipse : | ||
| 245 | _bthe official illustrated movie companion / | ||
| 245 | _cby Mark Cotta Vaz. | ||
| 250 | _aFirst edition | ||
| 260 | _aUSA : | ||
| 260 | _bLittle, Brown and company, | ||
| 260 | _c2010 | ||
| 300 | _a140 pages : | ||
| 300 | _bcolored illustrations ; | ||
| 300 | _c27cm. | ||
| 440 | _aThe twilight saga. | ||
| 650 | _aEclipes (Motion picture : 2010). | ||
| 650 | _aEclipes (Motion picture). | ||
| 700 | _aMeyer, Stephenie. | ||
| 700 | _aSeries. | ||
| 700 | _aTitle. | ||
| 999 |
_c344809 _d344809 |
||